00573nam a22001697a 450000500170000001000150001702000260003203500140005803700130007208200110008510000170009624501400011326000400025327000480029330000210034150000410036220200130123644.0 aENG-127572 a9789388927611c450.00 aEN-111104 bDBAD/PUB a880.88 aVyas,Namrata asearch of Identity in women characters :cby Vyas, NamratabChallenges and Autonomy in Island of a thousand mirror by Nayomi Munaweera/ aAhmedabadbVedant Publicationc2019 bAhmedabadaRajkot, Ahmedabad, Surate360001 a113p.b21cm(pbk) ainclude bibliographical references